Statistics for Maisie Peters - Helicopter

Click here to take the quiz!

General Stats

  • This quiz has been taken 3 times
  • The average score is 151 of 225

Answer Stats

Answer% Correct
a
100%
be
100%
‘Cause
100%
close
100%
helicopter
100%
hover
100%
I
100%
I’ll
100%
I’m
100%
leave
100%
love
100%
oh,
100%
Oh
100%
So
100%
so
100%
You
100%
you
100%
about
50%
all
50%
And
50%
and
50%
antique
50%
are
50%
arrangement
50%
ask
50%
bear
50%
bones
50%
break
50%
breakfast
50%
Call
50%
can’t
50%
car
50%
careful
50%
comes
50%
course
50%
cross
50%
dad’s
50%
danger
50%
Darling,
50%
do
50%
don’t
50%
Don’t
50%
drive
50%
for
50%
forgive
50%
front
50%
get
50%
girls
50%
heart
50%
If
50%
if
50%
important
50%
interfering
50%
is
50%
it
50%
It’s
50%
Just
50%
just
50%
know
50%
like
50%
line
50%
maddens
50%
make
50%
me
50%
might
50%
mine’s
50%
minute
50%
more
50%
mortality
50%
never
50%
night
50%
nonchalant
50%
not
50%
of
50%
own
50%
perfect
50%
Please
50%
pretty
50%
rickety
50%
road
50%
run
50%
rusted
50%
scissors,
50%
seat
50%
sense
50%
sharp,
50%
should
50%
sure
50%
text
50%
that
50%
the
50%
then
50%
To
50%
to
50%
train,
50%
treasure
50%
trusted
50%
try
50%
wait
50%
wanna
50%
When
50%
when
50%
who
50%
with
50%
won’t
50%
worried
50%
yellow
50%
your
50%
Your
50%
you’re
50%
You’re
50%
Babe,
0%
defenceless
0%
From
0%
laser
0%
motorbikes
0%
without
0%

Score Distribution

Percentile by Number Answered

Percent of People with Each Score

Your Score History

You have not taken this quiz